Statistics for Marvel Villain Alter Egos

Click here to take the quiz!

General Stats

  • This quiz has been taken 23 times
  • The average score is 15 of 34

Answer Stats

HintAnswer% Correct
Green GoblinNorman Osborn
100%
Doctor OctopusOtto Octavius
89%
Doctor DoomVictor von Doom
89%
VenomEddie Brock
78%
VultureAdrian Toomes
67%
LokiLoki Laufeyson
67%
KingpinWilson Fisk
67%
AbominationEmil Blonsky
61%
JuggernautCain Marko
56%
LizardCurt Connors
56%
Red HulkThaddeus Ross
56%
YellowjacketDarren Cross
50%
WhiplashIvan Vanko
50%
Red SkullJohan Schmidt
50%
MystiqueRaven Darkholme
50%
SabretoothVictor Creed
50%
MysterioQuentin Beck
39%
CrossbonesBrock Rumlow
33%
CarnageCletus Kasady
33%
ApocalypseEn Sabuh Nur
33%
ShockerHerman Schultz
33%
PyroJohn Allerdyce
33%
ScorpionMac Gargan
33%
ElectroMaxwell Dillon
33%
MODOKGeorge Tarleton
28%
Mr SinisterNathaniel Essex
28%
LeaderSamuel Sterns
28%
ToadMortimer Toynbee
22%
HobgoblinRoderick Kingsley
22%
BullseyeBenjamin Poindexter
17%
Iron MongerObadiah Stone
17%
RhinoAleksei Sytsevich
11%
SandmanWilliam Baker
11%
MagnetoErik Leshnerr
0%

Score Distribution

Percentile by Number Answered

Percent of People with Each Score

Your Score History

You have not taken this quiz